[Event "Foxwoods op 15th"]
[Site "Ledyard"]
[Date "2023.04.06"]
[Round "2"]
[White "De la Colina, Nicolas"]
[Black "Times, Lawyer"]
[Result "1/2-1/2"]
[WhiteElo "2244"]
[BlackElo "1947"]
[PlyCount "134"]
[EventDate "2023.04.05"]
[EventType "swiss"]
[EventRounds "9"]
[EventCountry "USA"]
[SourceTitle "CBM 213 Extra"]
[Source "ChessBase"]
[SourceDate "2023.05.31"]
[SourceVersion "1"]
[SourceVersionDate "2023.05.31"]
[SourceQuality "1"]

1. e4 Nf6 2. e5 Nd5 3. d4 d6 4. Nf3 dxe5 5. Nxe5 c6 6. Be2 Nd7 7. Nf3 e6 8. 0-0 Bd6 9. Re1 0-0 10. c4 Nf4 11. Bf1 Nf6 12. Nc3 Ng6 13. g3 Qc7 14. Bg2 Rd8 15. Qe2 b6 16. b3 Bb7 17. Bb2 a6 18. Na4 c5 19. dxc5 bxc5 20. Rad1 Bc6 21. Nc3 Qb7 22. Rf1 Ne5 23. Ne1 Bxg2 24. Nxg2 Nf3+ 25. Kh1 Nd4 26. Qe3 Be7 27. f3 Rd7 28. Ne2 Nc2 29. Qc3 Nb4 30. Rxd7 Qxd7 31. a3 Nc6 32. Ngf4 Rb8 33. Rb1 Rd8 34. Kg1 e5 35. Ng2 Qd3 36. Re1 Qd2 37. Kf1 Rd3 38. Qxd2 Rxd2 39. Bc3 Rd3 40. Kf2 Nd4 41. Nxd4 cxd4 42. Bb4 Bxb4 43. axb4 Rxb3 44. Rxe5 Rxb4 45. Ra5 Rxc4 46. Rxa6 h6 47. Nf4 Rc2+ 48. Kg1 Nd7 49. Nd3 Rc3 50. Rd6 Rxd3 51. Rxd7 Rxf3 52. Rxd4 Kh7 53. Kg2 Rb3 54. Rd2 h5 55. h4 f6 56. Rd5 Kg6 57. Ra5 Rb2+ 58. Kf3 Kh6 59. Rc5 Rb1 60. Kf2 Rb6 61. Kg2 Re6 62. Ra5 Re5 63. Ra6 Kg6 64. Ra7 Rb5 65. Rc7 Re5 66. Ra7 f5 67. Kf3 Re6 1/2-1/2

[Event "Titled Tuesday intern op 04th Apr Early"]
[Site "Chess.com INT"]
[Date "2023.04.04"]
[Round "6"]
[White "De la Colina, Nicolas"]
[Black "Goncalves, Davi Sulzbacher"]
[Result "1-0"]
[WhiteElo "2244"]
[BlackElo "2282"]
[PlyCount "48"]
[EventDate "2023.04.04"]
[EventType "swiss (blitz)"]
[EventRounds "11"]
[EventCountry "USA"]
[SourceTitle "EXT 2024"]
[Source "ChessBase"]
[SourceDate "2023.10.10"]
[SourceVersion "1"]
[SourceVersionDate "2023.10.10"]
[SourceQuality "1"]

1. c4 e5 2. Nc3 Nc6 3. Nf3 g6 4. g3 Bg7 5. Bg2 Nge7 6. 0-0 0-0 7. d3 d6 8. Rb1 a5 9. a3 Be6 10. b4 axb4 11. axb4 Qd7 12. Ng5 Bf5 13. b5 Nd8 14. Bb2 h6 15. Nf3 Bh3 16. Qb3 Bxg2 17. Kxg2 Ne6 18. Ra1 Nd4 19. Nxd4 exd4 20. Ne4 d5 21. cxd5 Qxd5 22. Qb4 Rxa1 23. Rxa1 f5 24. Qxe7 Bf6 1-0

[Event "Titled Tuesday intern op 04th Apr Early"]
[Site "Chess.com INT"]
[Date "2023.04.04"]
[Round "9"]
[White "De la Colina, Nicolas"]
[Black "Reprintsev, Alexander"]
[Result "1-0"]
[WhiteElo "2244"]
[BlackElo "2254"]
[PlyCount "127"]
[EventDate "2023.04.04"]
[EventType "swiss (blitz)"]
[EventRounds "11"]
[EventCountry "USA"]
[SourceTitle "EXT 2024"]
[Source "ChessBase"]
[SourceDate "2023.10.10"]
[SourceVersion "1"]
[SourceVersionDate "2023.10.10"]
[SourceQuality "1"]

1. e4 d5 2. exd5 Qxd5 3. Nf3 Bg4 4. Be2 Nc6 5. d4 0-0-0 6. Be3 e5 7. c4 Qa5+ 8. Bd2 Qa6 9. d5 Bxf3 10. Bxf3 Nd4 11. Be2 Qg6 12. 0-0 h5 13. Nc3 h4 14. h3 f5 15. Be3 Bc5 16. Nb5 Qf6 17. b4 Nxe2+ 18. Qxe2 Bxe3 19. Qxe3 a6 20. Nc3 f4 21. Qa7 Qb6 22. Qxb6 cxb6 23. Rfe1 Re8 24. Ne4 Kd7 25. c5 Nf6 26. Nd6 Nxd5 27. Nxe8 Rxe8 28. Rad1 Kc6 29. cxb6 Nxb4 30. a3 Nd5 31. Rb1 e4 32. Rec1+ Kd6 33. Rd1 Re5 34. Rb4 g5 35. a4 e3 36. fxe3 fxe3 37. Rb2 e2 38. Re1 Nf4 39. Rd2+ Kc6 40. Rd4 Kxb6 41. Kf2 Ka5 42. g3 Nxh3+ 43. Kg2 g4 44. Rxg4 Ng5 45. gxh4 Ne6 46. Kf2 b5 47. axb5 axb5 48. Rxe2 Rf5+ 49. Ke1 Nc5 50. Ra2+ Na4 51. Rg5 Rf4 52. Rh2 Re4+ 53. Kf1 Nc3 54. h5 Rf4+ 55. Kg2 Rf8 56. h6 Ne2 57. h7 Nf4+ 58. Kh1 Ne6 59. Rg8 Rf1+ 60. Kg2 Rc1 61. h8Q Nf4+ 62. Kf3 Nd5 63. Ra8+ Kb4 64. Qb2+ 1-0

[Event "Miami"]
[Site "Miami"]
[Date "2023.01.24"]
[Round "8"]
[White "Arencibia Monduy, Antonio"]
[Black "De la Colina, Nicolas"]
[Result "1-0"]
[WhiteElo "2134"]
[BlackElo "2211"]
[PlyCount "39"]
[EventDate "2023.01.19"]
[EventType "tourn"]
[EventRounds "9"]
[EventCountry "USA"]
[SourceTitle "EXT 2024"]
[Source "ChessBase"]
[SourceDate "2023.10.10"]
[SourceVersion "1"]
[SourceVersionDate "2023.10.10"]
[SourceQuality "1"]

1. e4 e5 2. d4 Nc6 3. Nf3 exd4 4. Nxd4 Nxd4 5. Qxd4 Nf6 6. Bc4 d5 7. Bxd5 Bb4+ 8. Nc3 Bxc3+ 9. bxc3 Nxd5 10. exd5 Bd7 11. Qe4+ Qe7 12. Qxe7+ Kxe7 13. Ba3+ Kd8 14. 0-0 Re8 15. Rfe1 Rxe1+ 16. Rxe1 Ba4 17. Re7 Bxc2 18. Rxf7 g6 19. Rxh7 g5 20. Rh8+ 1-0

[Event "Miami"]
[Site "Miami"]
[Date "2023.01.22"]
[Round "5"]
[White "De la Colina, Nicolas"]
[Black "Cuenca Gomez, Jesus"]
[Result "1-0"]
[WhiteElo "2211"]
[BlackElo "2153"]
[PlyCount "77"]
[EventDate "2023.01.19"]
[EventType "tourn"]
[EventRounds "9"]
[EventCountry "USA"]
[SourceTitle "EXT 2024"]
[Source "ChessBase"]
[SourceDate "2023.10.10"]
[SourceVersion "1"]
[SourceVersionDate "2023.10.10"]
[SourceQuality "1"]

1. e4 g6 2. d4 Bg7 3. Nc3 e6 4. Be3 Ne7 5. Qd2 h6 6. f4 d6 7. Nf3 b6 8. Bd3 Bb7 9. 0-0-0 Nd7 10. Rhe1 c6 11. f5 Qc7 12. fxe6 fxe6 13. Bc4 Nf8 14. Ne2 0-0-0 15. Nf4 d5 16. exd5 exd5 17. Bd3 g5 18. Nh5 Neg6 19. Nxg7 Qxg7 20. c3 Nd7 21. Qc2 Ne7 22. Bf2 Rhe8 23. Bg3 Ng8 24. Bf5 Ngf6 25. Ne5 Ne4 26. Nxd7 Rxd7 27. Be5 Qe7 28. Qe2 Kd8 29. Bxd7 Qxd7 30. Rf1 c5 31. Qh5 Ba6 32. Rf7 Re7 33. Rf8+ Re8 34. Rxe8+ Qxe8 35. Qxe8+ Kxe8 36. dxc5 Nxc5 37. Bg7 Nd3+ 38. Kc2 Nf4 39. Bxh6 1-0

[Event "Titled Tuesday intern op 03rd Jan Late"]
[Site "Chess.com INT"]
[Date "2023.01.03"]
[Round "8"]
[White "De la Colina, Nicolas"]
[Black "Dourerassou, Jonathan"]
[Result "0-1"]
[WhiteElo "2211"]
[BlackElo "2420"]
[PlyCount "94"]
[EventDate "2023.01.03"]
[EventType "swiss (blitz)"]
[EventRounds "11"]
[EventCountry "USA"]
[SourceTitle "EXT 2024"]
[Source "ChessBase"]
[SourceDate "2023.10.10"]
[SourceVersion "1"]
[SourceVersionDate "2023.10.10"]
[SourceQuality "1"]

1. e4 e6 2. d4 d5 3. Nd2 dxe4 4. Nxe4 Nd7 5. Bd3 Ngf6 6. Nf3 Nxe4 7. Bxe4 Nf6 8. Bg5 Be7 9. Bxf6 Bxf6 10. Qd3 g6 11. 0-0-0 0-0 12. h4 Bg7 13. h5 f5 14. hxg6 hxg6 15. Ne5 fxe4 16. Qh3 Qg5+ 17. Kb1 Qh5 18. Qg3 Qf5 19. Qh2 Rf6 20. Qh7+ Kf8 21. f3 e3 22. g4 Qf4 23. g5 e2 24. gxf6 exd1Q+ 25. Rxd1 Qxf6 26. Rg1 g5 27. Ng6+ Kf7 28. Ne5+ Ke7 29. f4 Kd6 30. fxg5 Qf2 31. Rd1 Qe2 32. Rg1 Bxe5 33. dxe5+ Qxe5 34. Rd1+ Kc6 35. Qg8 b6 36. Qe8+ Kc5 37. Qe7+ Kb5 38. a3 Ba6 39. Qb4+ Kc6 40. g6 Rg8 41. Qg4 Kb7 42. Qg2+ Kb8 43. Rf1 Bb7 44. Qg4 Be4 45. Re1 Bxc2+ 46. Ka2 Qxe1 47. Qxe6 Qxe6+ 0-1

[Event "Titled Tuesday intern op 03rd Jan Late"]
[Site "Chess.com INT"]
[Date "2023.01.03"]
[Round "11"]
[White "De la Colina, Nicolas"]
[Black "Karthik, Advaith"]
[Result "0-1"]
[WhiteElo "2211"]
[BlackElo "2051"]
[PlyCount "69"]
[EventDate "2023.01.03"]
[EventType "swiss (blitz)"]
[EventRounds "11"]
[EventCountry "USA"]
[SourceTitle "EXT 2024"]
[Source "ChessBase"]
[SourceDate "2023.10.10"]
[SourceVersion "1"]
[SourceVersionDate "2023.10.10"]
[SourceQuality "1"]

1. c4 Nf6 2. Nf3 e6 3. e3 c5 4. Nc3 Be7 5. b3 b6 6. Bb2 Bb7 7. Be2 d6 8. 0-0 Nbd7 9. d4 0-0 10. Rc1 d5 11. cxd5 Nxd5 12. Nxd5 Bxd5 13. dxc5 Nxc5 14. Nd4 Bf6 15. Qd2 Rc8 16. Rfd1 Qe7 17. Ba6 Nxa6 18. Qe2 Nc5 19. Rc2 Ne4 20. Rdc1 Bb7 21. Qd3 Rxc2 22. Rxc2 Nc5 23. Qe2 Bxd4 24. Bxd4 Ne4 25. Qd3 h6 26. Be5 Rd8 27. Qe2 Rc8 28. Qg4 Nf6 29. Rxc8+ Bxc8 30. Qc4 Bb7 31. h3 Qd8 32. Qh4 Qd1+ 33. Kh2 Qd5 34. Qg3 Nh5 35. e4 0-1